00935cam a2200277 a 450000500170000000800410001702000160005802000160007404100080009008000110009824500490010925000270015826000490018530000290023449000460026350000400030950000380034950400390038765000340042665000360046070000250049683000100052194200120053199900130054395201010055620131029053259.0860123s1986 mnua b 001 0 eng  a0899083838  a0899083587 0 aeng a327.3900aInternationalism :c[edited by] Bruno Leone. aRev. ed., 2nd ed. rev. aSt. Paul, Minn. :bGreenhaven Press,cc1986. a175 p. :bill. ;c23 cm.1 aThe Isms : modern doctrines and movements aPreface to first edition : f. 13-14 aPreface to second edition : f. 15 aIncludes bibliographies and index. 0aOrganizatat ndërkombëtare 02Marrvdhënie ndërkombëtare1 aLeone, Bruno,d1939- 0aIsms. 2udccBK c190d190 00102udc40708PËKGa001b001cPËKGd2013-10-29l0o327.39 INTp001-000212r2013-10-29yBK